Trabajo y subjetividad : entre lo existente y lo necesario /

Este libro sostiene la idea de que el trabajo tiene un papel central como organizador y articulador de sentido en la vida cotidiana, y que es constructor de un espacio de pertenencia, real y simbólico, para el trabajador. Desde esta perspectiva, los autores abordan el campo laboral y su compleja rel...

Повний опис

Збережено в:
Бібліографічні деталі
Автор: Schvarstein, Leonardo (comp.)
Інші автори: Leopold, Luis (compilación) (compilación)
Формат: Книга
Мова:Іспанська
Опубліковано: Buenos Aires, Argentina : Paidós, 2005, c2005
Серія:(Tramas Sociales ; 33)
Предмети:
Теги: Додати тег
Немає тегів, Будьте першим, хто поставить тег для цього запису!

MARC

LEADER 00000nam^a2200000^a^4500
001 000183847
005 20250521000000.0
009 20260310102054.822
020 |a 950-12-4533-0 
037 |a Acervo ITESO - Biblioteca 
041 |a ESP 
082 |a 306. 36  |b SCH 
100 |a Schvarstein, Leonardo  |e (comp.) 
245 1 0 |a Trabajo y subjetividad :  |b entre lo existente y lo necesario /  |c Comp. de L. Schvarstein, L. Leopold. 
264 4 |a Buenos Aires, Argentina :  |b Paidós,  |c 2005, c2005 
300 |a 295 p. 
336 |a texto  |b txt  |2 rdacontenido 
337 |a sin mediación  |b n  |2 rdamedio 
338 |a volumen  |b nc  |2 rdasoporte 
440 1 |a (Tramas Sociales ;  |v 33) 
520 |a Este libro sostiene la idea de que el trabajo tiene un papel central como organizador y articulador de sentido en la vida cotidiana, y que es constructor de un espacio de pertenencia, real y simbólico, para el trabajador. Desde esta perspectiva, los autores abordan el campo laboral y su compleja relación con la subjetividad de las personas, a la luz de la hegemonía de las políticas neoliberales y el desarrollo de las nuevas tecnologías de producción y comunicación. 
649 |a XX 
650 |a Sociología Laboral 
650 |a División del Trabajo 
650 |a Trabajo 
650 |a Relaciones Laborales 
650 |a Satisfacción Laboral 
650 |a Calidad de Vida 
650 |a Psicología Laboral 
650 |a Cultura Organizacional 
650 |a Empleo y Desempleo 
650 |a Subjetividad (Psicología) 
650 |a Tecnologías de Comunicación e Información -  |x Aspectos Sociales y Culturales 
650 |a Neoliberalismo 
650 |a Economía Laboral 
650 |a Sociología 
700 |a Leopold, Luis  |e (compilación) 
910 |a Fondo General 
920 |a Impresos - Libros 
930 |a Colección General 
905 |a 101 
901 |a 0500124577  |b IT1  |c ACC  |u 20250521 
902 |a https://opac.biblio.iteso.mx/vufind/Record/000183847